000 00809nam a2200229Ii 4500
003 JO-AjNU
008 230605s9999||||xx |||||||||||||| ||und||
017 _a2004/92450
020 _a9957-16-056-7
040 _aJO-AjNU
_bara
_erda
_cJO-AjNU
041 _aara
050 1 4 _aK564.C6.B3764.2005
100 3 _aاعداد برهم ، نضال إسماعيل ، اشراف ابو عرابي ، غازي ,
_eauthor
_945160
245 0 0 _aأحكام عقود التجارة الإلكترونية
250 _aط1
264 3 1 _aعمان : دار الثقافة ، 2004
300 _a204ص
336 _atext
_btxt
_2rdacontent
337 _aunmediated
_bn
_2rdamedia
338 _avolume
_bnc
_2rdacarrier
650 4 _aالانترنت -- التجارة الالكترونية -- الحواسيب
_945161
999 _aA19555
_c23123
_d23123